Bez pôdy pod nohami

Bibliographic Details
Main Author: Petraško, Ľudovít, 1949- (Author)
Format: Article
Language:Slovak
Subjects:

MARC

LEADER 00000nab a2200000 a 4500
001 vtls000442897
003 SK-MaSNL
005 20260303195951.0
008 120926c1992 xo 0 slo
015 |a SNBRB19rr/mm-uuuuu 
035 |a CL0443027 
040 |a SNKBUCL  |b slo  |c SNKBUCL  |e AACR2 
041 0 |a slo 
044 |a xo  |c SK 
080 |a 7.096  |2 1981 
100 1 |a Petraško, Ľudovít,  |d 1949-  |4 aut  |9 89986 
245 1 0 |a Bez pôdy pod nohami  |c Ľudovít Petraško 
500 |a Réžia Hana Makovická 
600 1 7 |a Kasarda, Štefan,  |d 1935-2006  |2 snkbucl  |9 106467 
610 2 7 |a Slovenský rozhlas.  |b Štúdio Košice  |2 snkbucl  |9 232326 
650 0 7 |a rozhlasové hry  |2 snkbucl  |9 2914 
655 7 |a články z novín a časopisov  |2 snkbucl  |9 267496 
773 0 |t Smena  |g Roč. 45, č. 19 (23. 1. 1992), s. 9 
850 |a Slovenská národná knižnica v Martine  |a MTA001 
852 |a SNK  |b KIS3GCP 
958 |a RK 
992 |a RBX 
999 |c 2165667  |d 2167597